| 000 | 00663nam a2200193 a 4500 | ||
|---|---|---|---|
| 001 | 000022084 | ||
| 005 | 20200930011556.0 | ||
| 008 | 100916s1969 dr r 000 0 spa d | ||
| 040 |
_aDO-SdBNP _bspa _cBNPHU |
||
| 082 |
_axxxx _bR961e |
||
| 100 | 1 |
_aRussell, Bertrand, _d1872-1970 _98955 |
|
| 245 | 1 | 0 |
_aEscritos básicos 1903-1959 / _cBertrand Russell ; recompilación Robert E. Egner , Lester E. Denonn. |
| 260 |
_aMéxico, D. F. : _bAguilar, _c1969. |
||
| 300 |
_a1087 p. ; _c19 cm. |
||
| 504 | _aIncluye referencias bibliográficas y notas al pie de las páginas. | ||
| 700 | 1 |
_aEgner, Robert E. _945755 |
|
| 700 | 1 |
_aDenonn, Lester E. _945756 |
|
| 049 | _aBNGR | ||
| 999 |
_c21582 _d21582 |
||